| Tag |
First Indicator |
Second Indicator |
Subfields |
| LEADER |
00000cam a2200000 4500 |
| 001 |
in00000047305 |
| 005 |
20151007071419.0 |
| 008 |
750725s1961 ilua b 00000 eng u |
| 010 |
|
|
|a 61003787
|
| 035 |
|
|
|a (OCoLC)01478153
|
| 035 |
|
|
|9 AAE5924AM
|
| 040 |
|
|
|c FQG
|d TXA
|d UtOrBLW
|
| 049 |
|
|
|a TXAM
|c [336364]
|
| 050 |
0 |
0 |
|a QC174.45
|b .S33
|
| 082 |
0 |
|
|a 530.12
|
| 092 |
|
|
|a 530.12
|b S412i, 1961
|
| 100 |
1 |
|
|a Schweber, S. S.
|q (Silvan S.)
|
| 245 |
1 |
3 |
|a An introduction to relativistic quantum field theory /
|c Foreword by Hans A. Bethe.
|
| 264 |
|
1 |
|a Evanston, Ill. :
|b Row, Peterson,
|c [1961]
|
| 300 |
|
|
|a 905 pages :
|b illustrations ;
|c 24 cm.
|
| 336 |
|
|
|a text
|b txt
|2 rdacontent
|
| 337 |
|
|
|a unmediated
|b n
|2 rdamedia
|
| 338 |
|
|
|a volume
|b nc
|2 rdacarrier
|
| 504 |
|
|
|a Includes bibliography.
|
| 650 |
|
0 |
|a Quantum field theory.
|
| 740 |
0 |
|
|a Relativistic quantum field theory.
|
| 999 |
|
|
|a MARS
|
| 999 |
f |
f |
|s 0f632a5c-bce0-3976-8298-778994fa0c66
|i 2bc0becc-cf3c-3bb6-a7b9-dd914a39242a
|t 0
|
| 952 |
f |
f |
|p normal
|a Texas A&M University
|b College Station
|c Sterling C. Evans Library
|d Evans: Library Stacks
|t 0
|e QC174.45 .S33 1961
|h Library of Congress classification
|i unmediated -- volume
|m A14800910139
|
| 998 |
f |
f |
|a QC174.45 .S33 1961
|t 0
|l Evans: Library Stacks
|